|
|
|
|
| LEADER |
01120nam a2200301 a 4500 |
| 001 |
7400 |
| 003 |
BD-DhAAL |
| 005 |
20150416093952.0 |
| 008 |
150416s2006 maua b 001 0 eng |
| 010 |
|
|
|a 2005041635
|
| 020 |
|
|
|a 0072981555 (softcover : alk. paper)
|
| 040 |
|
|
|a DLC
|c DLC
|d DLC
|d BD-DhAAL
|
| 050 |
0 |
0 |
|a LC191.4
|b .S684 2006
|
| 082 |
0 |
0 |
|a 370/.973
|2 22
|
| 100 |
1 |
|
|a Spring, Joel H.
|9 10439
|
| 245 |
1 |
0 |
|a American education /
|c Joel Spring.
|
| 250 |
|
|
|a 12th ed.
|
| 260 |
|
|
|a Boston, Mass. :
|b McGraw-Hill,
|c c2006.
|
| 300 |
|
|
|a xv, 323, 12 p. :
|b ill. ;
|c 24 cm.
|
| 504 |
|
|
|a Includes bibliographical references and index.
|
| 541 |
|
|
|e 7400
|
| 650 |
|
0 |
|a Education
|x Social aspects
|z United States.
|9 10440
|
| 650 |
|
0 |
|a Education
|x Political aspects
|z United States.
|9 10441
|
| 650 |
|
0 |
|a Educational equalization
|z United States.
|9 10442
|
| 650 |
|
0 |
|a Education and state
|z United States.
|9 10443
|
| 942 |
|
|
|2 ddc
|c BK
|
| 999 |
|
|
|c 34244
|d 34244
|
| 952 |
|
|
|0 0
|1 0
|2 ddc
|4 0
|6 370_973000000000000_SPR
|7 0
|9 53463
|a SCL
|b SCL
|c GEN
|d 2015-04-16
|e Gift: The Asia Foundation
|l 0
|o 370.973 SPR
|p 3020007400
|r 2015-04-16
|t 1
|w 2015-04-16
|y BK
|